MARC details
| 000 -LEADER |
| fixed length control field |
02816pim a2200613 i 4500 |
| 001 - CONTROL NUMBER |
| control field |
rbcdCK0728 |
| 003 - CONTROL NUMBER IDENTIFIER |
| control field |
MdPfRBL |
| 005 - DATE AND TIME OF LATEST TRANSACTION |
| control field |
20201229113949.0 |
| 007 - PHYSICAL DESCRIPTION FIXED FIELD--GENERAL INFORMATION |
| fixed length control field |
sd fungnnmmned |
| 008 - FIXED-LENGTH DATA ELEMENTS--GENERAL INFORMATION |
| fixed length control field |
121004s2018 mdunnnn z n eng d |
| 020 ## - INTERNATIONAL STANDARD BOOK NUMBER |
| International Standard Book Number |
9781501980664 |
| 028 01 - PUBLISHER NUMBER |
| Publisher number |
CK0728 |
| Source |
Recorded Books |
| 040 ## - CATALOGING SOURCE |
| Original cataloging agency |
MdPfRBL |
| Language of cataloging |
eng |
| Description conventions |
rda |
| Transcribing agency |
MdPfRBL |
| Modifying agency |
QQ3 |
| 050 #4 - LIBRARY OF CONGRESS CALL NUMBER |
| Classification number |
PS3558.A4793 |
| Item number |
P45 2018 |
| 082 04 - DEWEY DECIMAL CLASSIFICATION NUMBER |
| Classification number |
813/.54 |
| Edition number |
23 |
| 092 ## - LOCALLY ASSIGNED DEWEY CALL NUMBER (OCLC) |
| Classification number |
cd |
| 099 #9 - LOCAL FREE-TEXT CALL NUMBER (OCLC) |
| Filing suffix |
BD |
| Classification number |
FICTION |
| 100 1# - MAIN ENTRY--PERSONAL NAME |
| Personal name |
Hannon, Irene, |
| Relator term |
author. |
| 9 (RLIN) |
42887 |
| 245 10 - TITLE STATEMENT |
| Title |
Pelican Point |
| Medium |
[sound recording] / |
| Statement of responsibility, etc |
Irene Hannon. |
| 250 ## - EDITION STATEMENT |
| Edition statement |
Unabridged. |
| 264 #1 - Production, Publication, Distribution, Manufacture, and Copyright Notice. |
| Place of production, publication, distribution, manufacture |
Prince Frederick, Md. : |
| Name of producer, publisher, distributor, manufacturer |
Recorded Books, |
| Date of production, publication, distribution, manufacture, or copyr |
[2018] |
| 264 #4 - Production, Publication, Distribution, Manufacture, and Copyright Notice. |
| Date of production, publication, distribution, manufacture, or copyr |
℗2018. |
| 300 ## - PHYSICAL DESCRIPTION |
| Extent |
8 sound discs (9 hr., 45 min.) : |
| Other physical details |
digital ; |
| Dimensions |
4 3/4 in. |
| 336 ## - Content Type |
| Content type term |
spoken word |
| 337 ## - Media type |
| Media type term |
audio |
| 338 ## - Carrier type |
| Carrier type term |
audio disc |
| 490 1# - SERIES STATEMENT |
| Series statement |
A Hope Harbor novel ; |
| Volume number/sequential designation |
[bk. 4] |
| 490 1# - SERIES STATEMENT |
| Series statement |
Recorded Books inspirational. |
| 500 ## - GENERAL NOTE |
| General note |
In container (17 cm.). |
| 500 ## - GENERAL NOTE |
| General note |
Title from container. |
| 500 ## - GENERAL NOTE |
| General note |
Compact disc. |
| 511 0# - PARTICIPANT OR PERFORMER NOTE |
| Participant or performer note |
Narrated by Thérèse Plummer. |
| 520 ## - SUMMARY, ETC. |
| Summary, etc |
A crumbling lighthouse is not part of the inheritance Army doctor Ben Garrison expects to claim when he journeys to Hope Harbor. Fresh out of the service, he wants only to unload the tower of bricks, decompress from years of treating battlefield trauma, and prepare to launch his civilian career. Hope Harbor Herald editor Marci Weber has other ideas. She may not be a Hope Harbor native, but the small Oregon seaside town has become home--and she's determined to save the Pelican Point landmark. Sparks fly as the two go head to head over the fate of the lighthouse. But when they start to cooperate, a different kind of fire ignites. And as they work together, might Hope Harbor heal the hearts of these two romance-wary souls? |
| 650 #0 - SUBJECT ADDED ENTRY--TOPICAL TERM |
| Topical term or geographic name as entry element |
Veterans |
| Form subdivision |
Fiction. |
| 9 (RLIN) |
5677277 |
| 650 #0 - SUBJECT ADDED ENTRY--TOPICAL TERM |
| Topical term or geographic name as entry element |
Lighthouses |
| Form subdivision |
Fiction. |
| 9 (RLIN) |
5711531 |
| 650 #0 - SUBJECT ADDED ENTRY--TOPICAL TERM |
| Topical term or geographic name as entry element |
Lighthouses |
| Geographic subdivision |
Oregon |
| Form subdivision |
Fiction. |
| 9 (RLIN) |
5745532 |
| 650 #0 - SUBJECT ADDED ENTRY--TOPICAL TERM |
| Topical term or geographic name as entry element |
Physicians |
| Form subdivision |
Fiction. |
| 9 (RLIN) |
5679983 |
| 650 #0 - SUBJECT ADDED ENTRY--TOPICAL TERM |
| Topical term or geographic name as entry element |
Newspaper editors |
| Form subdivision |
Fiction. |
| 9 (RLIN) |
5713044 |
| 650 #0 - SUBJECT ADDED ENTRY--TOPICAL TERM |
| Topical term or geographic name as entry element |
Man-woman relationships |
| Form subdivision |
Fiction. |
| 9 (RLIN) |
5674079 |
| 651 #0 - SUBJECT ADDED ENTRY--GEOGRAPHIC NAME |
| Geographic name |
Oregon |
| Form subdivision |
Fiction. |
| 9 (RLIN) |
5688552 |
| 655 #7 - INDEX TERM--GENRE/FORM |
| Genre/form data or focus term |
Christian fiction. |
| Source of term |
gsafd. |
| 9 (RLIN) |
6394818 |
| 655 #7 - INDEX TERM--GENRE/FORM |
| Genre/form data or focus term |
Romance fiction. |
| Source of term |
lcgft. |
| 9 (RLIN) |
6394819 |
| 655 #7 - INDEX TERM--GENRE/FORM |
| Genre/form data or focus term |
Christian fiction. |
| Source of term |
fast |
| 9 (RLIN) |
6394818 |
| 655 #7 - INDEX TERM--GENRE/FORM |
| Genre/form data or focus term |
Fiction. |
| Source of term |
fast |
| 9 (RLIN) |
5673940 |
| 655 #7 - INDEX TERM--GENRE/FORM |
| Genre/form data or focus term |
Romance fiction. |
| Source of term |
fast |
| 9 (RLIN) |
6394819 |
| 655 #7 - INDEX TERM--GENRE/FORM |
| Genre/form data or focus term |
Compact discs. |
| Source of term |
local. |
| 9 (RLIN) |
5675080 |
| 655 #7 - INDEX TERM--GENRE/FORM |
| Genre/form data or focus term |
Audiobooks. |
| Source of term |
lcgft. |
| 9 (RLIN) |
6394820 |
| 700 1# - ADDED ENTRY--PERSONAL NAME |
| Personal name |
Plummer, Thérèse, |
| Relator term |
narrator. |
| 9 (RLIN) |
6394821 |
| 710 2# - ADDED ENTRY--CORPORATE NAME |
| Corporate name or jurisdiction name as entry element |
Recorded Books, Inc. |
| 9 (RLIN) |
60865 |
| 800 1# - SERIES ADDED ENTRY--PERSONAL NAME |
| Personal name |
Hannon, Irene. |
| Title of a work |
Hope Harbor ; |
| Volume/sequential designation |
bk. 4. |
| 9 (RLIN) |
5745533 |
| 830 #0 - SERIES ADDED ENTRY--UNIFORM TITLE |
| Uniform title |
Recorded Books inspirational. |
| 9 (RLIN) |
74451 |
| 907 ## - LOCAL DATA ELEMENT G, LDG (RLIN) |
| a |
.b396715230 |
| 942 ## - ADDED ENTRY ELEMENTS (KOHA) |
| Source of classification or shelving scheme |
Dewey Decimal Classification |
| Koha item type |
Audiobook on CD |